Quiz sur Elizabeth II - Statistiques

Statistiques générales
  • Ce quiz a été pris 323 fois
  • Le résultat moyen est 13 sur 20
Statistiques - réponses
Indice Réponse % Correct
Enfants de la reine Charles
95%
Mari de la reine Prince Philip
89%
Famille d'Elizabeth II Windsor
89%
Enfants de la reine Anne
85%
Souverain à qui elle a succédé George VI
84%
Elizabeth II admire grandement ________, précédente détentrice du record du plus long règne du Royaume-Uni la reine Victoria
82%
Elizabeth II est souveraine du Royaume-Uni, mais également des... 15 royaumes du {Commonwealth}
80%
Enfants de la reine Andrew
78%
Année d'intronisation de la reine 1953
76%
Enfants de la reine Edward
72%
La reine a récemment fêté son jubilé de _______ qui célèbre ses 70 ans de règne platine
66%
La reine a vu se succéder au total __ premiers ministres 14
63%
Lieu de vie de la famille royale Buckingham Palace
62%
La reine est connue pour aimer cette race de chien Corgi
62%
Lieu d'intronisation et de mariage de la reine Westminster Abbey
61%
La reine a déclaré que l'année 1992 était un Annus Horribilis
47%
Nom de l'opération secrète mise en place pour annoncer et planifier les funérailles de la souveraine London Bridge
45%
Date de naissance de la reine 21 avril 1926
33%
Cette chanson des Sex Pistols fit beaucoup parler God Save The Queen
27%
Equipe de football que la reine supporte ! Arsenal
20%
Aucun quiz correspondant
Distribution des résultats
% des personnes avec chaque résultat
Percentile par nombre de réponses
Votre historique - résultats
Vous n’avez pas pris ce quiz